Leader xxxxxxxxxx
001 __ PCLIS00006145
005 __ 20221011130955.0
010 0_ |a957-13-1576-1|b平裝|dNT$150
100 __ |a20160421e19951992m y0chiy09 e
101 1_ |achi|cjpn
102 __ |atw
105 __ |ay z 000ay
200 1_ |a1973年的彈珠玩具|f村上春樹著|g賴明珠譯
205 __ |a二版
210 __ |a臺北市|c時報文化|d1995[民84]
215 0_ |a189, [4]面||d21公分
225 2_ |a村上春樹作品集
225 2_ |a藍小說|v904
300 __ |a小說--adm
300 __ |a作者號由adm取自出版社(2006675),由t561改回
300 __ |a本館最新館藏為2016年34刷
454 __ |12001 |a1973年ソзゆпみю|zjpn
517 1_ |a一九七三年的彈珠玩具|zchi
606 __ |2cst|a日本文學
681 __ |a861.57|b8354
681 __ |a861.57|b8476 88 V.904
700 _1 |a村上|b春樹|f1949- |4著
702 _1 |a賴|b明珠|f1947- |4譯
801 _0 |atw|b內湖高中|c20010622|gCCR
801 _1 |atw|b內湖高中|c20160421|gCCR
801 _2 |atw|b內湖高中|c20221011|gCCR
|